<The> diffusion of process innovations in industrialized and developing countries <a> case study of the world textile and steel industries
Na minha lista:
| Autor principal: | |
|---|---|
| Formato: | Livro |
| Idioma: | inglês alemão |
| Publicado em: |
Kiel
Institut für Weltwirtschaft
1992
|
| Colecção: | Kiel working papers
no. 535 |
| Assuntos: | |
| Tags: |
Sem tags, seja o primeiro a adicionar uma tag!
|
MARC
| LEADER | 00000nam a2200000 4500 | ||
|---|---|---|---|
| 001 | c100481 | ||
| 005 | 20221123101601.3 | ||
| 022 | |a 0342-0787 | ||
| 041 | 0 | |a eng | |
| 041 | 0 | |a ger | |
| 044 | |a DE | ||
| 245 | 1 | 0 | |a <The> diffusion of process innovations in industrialized and developing countries |b <a> case study of the world textile and steel industries |c by Matthias Lücke |
| 264 | 1 | |a Kiel |b Institut für Weltwirtschaft |c 1992 | |
| 300 | |a 15 s. | ||
| 490 | 1 | |a Kiel working papers |v no. 535 | |
| 830 | 0 | |a Kiel working papers |v no. 535 | |
| 610 | 2 | 0 | |a inovácia |
| 610 | 2 | 0 | |a krajiny vyspelé |
| 610 | 2 | 0 | |a krajiny rozvojové |
| 610 | 2 | 0 | |a štúdie prípadové |
| 610 | 2 | 0 | |a textil |
| 610 | 2 | 0 | |a priemysel textilný |
| 610 | 2 | 0 | |a oceľ |
| 610 | 2 | 0 | |a analýza ekonometrická |
| 610 | 2 | 0 | |a modely regresné |
| 610 | 2 | 0 | |a porovnanie medzinárodné |
| 610 | 2 | 0 | |a kalkulácia |
| 610 | 2 | 0 | |a svet |
| 100 | 1 | |a Lücke, Matthias | |